000
00196 a2200097 4500
001
29800
100
_a
245
_a
Fire Control Service Section I
260
_a
_b
AMC
_c
090
_c
19817
_d
19817
942
_a
NUST-CAE
_c
M
_c
10910
999
_c
264873
_d
264873